<?xml version="1.0" encoding="UTF-8"?><?xml-stylesheet type="text/xsl" href="static/style.xsl"?><OAI-PMH xmlns="http://www.openarchives.org/OAI/2.0/" xmlns:xsi="http://www.w3.org/2001/XMLSchema-instance" xsi:schemaLocation="http://www.openarchives.org/OAI/2.0/ http://www.openarchives.org/OAI/2.0/OAI-PMH.xsd"><responseDate>2026-04-26T21:56:25Z</responseDate><request verb="GetRecord" identifier="oai:uvadoc.uva.es:10324/135" metadataPrefix="marc">https://uvadoc.uva.es/oai/request</request><GetRecord><record><header><identifier>oai:uvadoc.uva.es:10324/135</identifier><datestamp>2021-06-23T16:36:20Z</datestamp><setSpec>com_10324_30605</setSpec><setSpec>com_10324_894</setSpec><setSpec>col_10324_41</setSpec></header><metadata><record xmlns="http://www.loc.gov/MARC21/slim" xmlns:doc="http://www.lyncode.com/xoai" xmlns:xsi="http://www.w3.org/2001/XMLSchema-instance" xmlns:dcterms="http://purl.org/dc/terms/" xsi:schemaLocation="http://www.loc.gov/MARC21/slim http://www.loc.gov/standards/marcxml/schema/MARC21slim.xsd">
<leader>00925njm 22002777a 4500</leader>
<datafield tag="042" ind1=" " ind2=" ">
<subfield code="a">dc</subfield>
</datafield>
<datafield tag="720" ind1=" " ind2=" ">
<subfield code="a">León Alonso-Cortés, Agustín</subfield>
<subfield code="e">author</subfield>
</datafield>
<datafield tag="260" ind1=" " ind2=" ">
<subfield code="c">2010</subfield>
</datafield>
<datafield tag="520" ind1=" " ind2=" ">
<subfield code="a">En este trabajo se calcularon los efectos de cocción y de esterilización sobre Bacillus coagulans en una conserva de judías verdes extrafinas de la variedad Helda, sobre la que se aplicaron una serie de tratamientos térmicos a las temperaturas de 105, 107, 110 y 115 ºC, durante tiempos comprendidos entre 3 y 35 min. De éstos se seleccionaron los que consiguieron con mayor exactitud los efectos ideales previamente establecidos de n = 1,09 para el efecto de cocción y n = 5 para el efecto de esterilización sobre Bacillus coagulans.&#xd;
&#xd;
Los tratamientos seleccionados fueron los aplicados a la temperatura de 115 ºC a los tiempos de 10 y 20 min. El primero consiguió un efecto de cocción de n = 1,11 y un efecto estimado de esterilización sobre B. coagulans comprendido entre 2,23 y 4,65; y el segundo un efecto estimado de esterilización sobre B. coagulans más ajustado (2,66 &lt; n &lt; 5,13) y un efecto de cocción aceptable (n = 1,15)</subfield>
</datafield>
<datafield tag="024" ind2=" " ind1="8">
<subfield code="a">http://uvadoc.uva.es/handle/10324/135</subfield>
</datafield>
<datafield tag="024" ind2=" " ind1="8">
<subfield code="a">b1572799</subfield>
</datafield>
<datafield tag="024" ind2=" " ind1="8">
<subfield code="a">10.35376/10324/135</subfield>
</datafield>
<datafield ind1=" " ind2=" " tag="653">
<subfield code="a">Judías verdes-Conservación-Esterilización</subfield>
</datafield>
<datafield tag="245" ind1="0" ind2="0">
<subfield code="a">Corrección del modelo de Bigelow. Aplicación en el cálculo de los efectos de cocción y de esterilización sobre Bacillus coagulans en una conserva de judías verdes (Phaseolus vulgaris var. Helda)</subfield>
</datafield>
</record></metadata></record></GetRecord></OAI-PMH>